El nacimiento de la tragedia, o, Grecia y el pesimismo

Enregistré dans:
Détails bibliographiques
Format: Livre
Langue:espagnol
Publié: Madrid Alianza 1973
Collection:El libro de bolsillo. Clásicos, 456
Sujets:
Tags: Ajouter un tag
Pas de tags, Soyez le premier à ajouter un tag!

MARC

LEADER 00000nam a2200000 a 4500
001 UCW0198
003 CL-VaPUC
008 910315e19730000SP |||||||||||||||||spa|d
082 0 4 |a 193  |b NIE  |2 21 
245 1 3 |a El nacimiento de la tragedia, o, Grecia y el pesimismo 
300 |a 278 p 
942 |c BK 
945 |d 19910315 00:00:00 
260 |a Madrid  |b Alianza  |c 1973 
650 0 |a Filosofía alemana   |9 265002 
650 0 |a Helenismo  |9 267485 
650 0 |a Filología clásica   |9 269285 
583 |a last modification  |c 19910315 00:00:00  |k Rodrigo Vera 
490 0 |a El libro de bolsillo. Clásicos, 456 
999 |c 215426  |d 215424 
952 |0 0  |1 0  |4 0  |6 193_000000000000000_NIE_1973  |7 0  |8 R  |9 199711  |a BIBART  |b BIBART  |d 2019-11-14  |i 2669668  |o 193 NIE 1973  |p 2669668  |r 2025-03-13  |w 2019-11-14  |y BK_R  |k ART